000 00763cam a2200289 i 4500
001
003 OSt
005 20220107122801.0
008 131206s2013 cau b 001 0 eng
010 _a
020 _a9781452257792
040 _a
_b
_cIIITMK
_e
_d
042 _a
050 0 0 _a
_b
082 0 0 _a371.102 MUR/D
_2
100 1 _aMurray, John.
_97069
245 1 0 _aDesigning and implementing effective professional learning
_cJohn Murray.
260 _aCalifornia,
_bCorwin,
_c2014
300 _axxiii, 226 p.
_c
504 _aIncludes bibliographical references and index.
650 0 _aPROFESSIONAL LEARNING
_x
_97070
650 0 _aTEACHING
_97071
650 0 _a
_x
_97072
650 0 _a
_97073
942 _2ddc
_cBK
999 _c4737
_d4737